[Event "Alushta Blitz op"]
[Site "Alushta"]
[Date "2023.07.14"]
[Round "2"]
[White "Zhurov, Sergey"]
[Black "Oorzhak, Aldar"]
[Result "1-0"]
[WhiteElo "2226"]
[BlackElo "1814"]
[PlyCount "55"]
[EventDate "2023.07.14"]
[EventType "swiss (blitz)"]
[EventRounds "13"]
[EventCountry "UKR"]
[SourceTitle "CBM 215 Extra"]
[Source "ChessBase"]
[SourceDate "2023.09.30"]
[SourceVersion "1"]
[SourceVersionDate "2023.09.30"]
[SourceQuality "1"]

1. d4 Nf6 2. c4 e6 3. g3 c5 4. d5 d6 5. Nc3 exd5 6. cxd5 g6 7. Bg2 Bg7 8. Nf3 0-0 9. 0-0 Re8 10. Bf4 Na6 11. Re1 Nh5 12. Bg5 f6 13. Bd2 f5 14. Ng5 Nc7 15. e4 h6 16. Ne6 Nxe6 17. dxe6 Bxe6 18. exf5 Bxf5 19. Rxe8+ Qxe8 20. g4 Nf6 21. gxf5 gxf5 22. Qf3 Ne4 23. Nxe4 fxe4 24. Qxe4 Be5 25. Bc3 Bxc3 26. bxc3 Qf7 27. Qd3 Rf8 28. Bd5 1-0

[Event "Alushta Rapid op"]
[Site "Alushta"]
[Date "2023.07.13"]
[Round "10"]
[White "Zhurov, Sergey"]
[Black "Petrov, Alexander3333"]
[Result "0-1"]
[WhiteElo "2226"]
[BlackElo "1929"]
[PlyCount "92"]
[EventDate "2023.07.11"]
[EventType "swiss (rapid)"]
[EventRounds "11"]
[EventCountry "UKR"]
[SourceTitle "CBM 215 Extra"]
[Source "ChessBase"]
[SourceDate "2023.09.30"]
[SourceVersion "1"]
[SourceVersionDate "2023.09.30"]
[SourceQuality "1"]

1. e4 e5 2. Nc3 Nf6 3. Bc4 Nxe4 4. Qh5 Nd6 5. Qxe5+ Qe7 6. Qxe7+ Bxe7 7. Be2 c6 8. Nf3 Nf5 9. g4 Nh4 10. Nxh4 Bxh4 11. Ne4 Be7 12. d4 d5 13. Ng3 Bd6 14. Be3 0-0 15. f4 f5 16. Nxf5 Bxf5 17. gxf5 Nd7 18. Bd3 Rae8 19. Kd2 Nf6 20. Raf1 Ne4+ 21. Bxe4 Rxe4 22. Rf2 Rxf5 23. Rhf1 c5 24. c3 b6 25. h3 Kf7 26. b3 Kg6 27. Kd3 Rh5 28. Rg1+ Kf6 29. Rf3 Re8 30. c4 Rf5 31. cxd5 Rxd5 32. Rg5 Rf5 33. dxc5 Bxc5 34. Bxc5 bxc5 35. Rxf5+ Kxf5 36. Kc4 Re4+ 37. Kxc5 Rxf4 38. Rg3 g5 39. b4 h5 40. b5 Ra4 41. a3 g4 42. hxg4+ hxg4 43. b6 axb6+ 44. Kb5 Ra8 45. a4 Kf4 46. Rg1 Ra5+ 0-1

[Event "Alushta Rapid op"]
[Site "Alushta"]
[Date "2023.07.11"]
[Round "1"]
[White "Gromov, Mikhail"]
[Black "Zhurov, Sergey"]
[Result "0-1"]
[WhiteElo "1390"]
[BlackElo "2226"]
[PlyCount "90"]
[EventDate "2023.07.11"]
[EventType "swiss (rapid)"]
[EventRounds "11"]
[EventCountry "UKR"]
[SourceTitle "CBM 215 Extra"]
[Source "ChessBase"]
[SourceDate "2023.09.30"]
[SourceVersion "1"]
[SourceVersionDate "2023.09.30"]
[SourceQuality "1"]

1. d4 d5 2. c4 c6 3. Nf3 Nf6 4. e3 Bf5 5. Nc3 e6 6. Be2 h6 7. Qb3 Qb6 8. Qxb6 axb6 9. 0-0 Nbd7 10. cxd5 exd5 11. Bd2 Bd6 12. a3 0-0 13. Na2 Rfe8 14. Bb4 Bc7 15. Nc1 Ne4 16. Bd3 Bg6 17. Bxe4 Bxe4 18. Nd2 Bg6 19. Ne2 c5 20. Bc3 c4 21. Ng3 b5 22. Nf3 f6 23. Bb4 Nb6 24. Nh4 Bd3 25. Rfd1 g6 26. Rxd3 cxd3 27. Nxg6 Kf7 28. Nh4 Nc4 29. Nhf5 Nxb2 30. Bd6 Ba5 31. Nxh6+ Kg6 32. Nhf5 d2 33. Nh4+ Kf7 34. Ngf5 d1Q+ 35. Rxd1 Nxd1 36. Nh6+ Ke6 37. Bf4 Nc3 38. Kf1 b4 39. N4f5 bxa3 40. Ng7+ Kd7 41. Ng4 a2 42. Nxf6+ Ke7 43. Bd6+ Kxd6 44. Nfxe8+ Rxe8 45. Nxe8+ Ke7 0-1

[Event "Alushta op"]
[Site "Alushta"]
[Date "2023.07.05"]
[Round "4"]
[White "Zhurov, Sergey"]
[Black "Shvedova, Maria"]
[Result "1-0"]
[WhiteElo "2226"]
[BlackElo "1747"]
[PlyCount "85"]
[EventDate "2023.07.02"]
[EventType "swiss"]
[EventRounds "9"]
[EventCountry "UKR"]
[SourceTitle "CBM 215 Extra"]
[Source "ChessBase"]
[SourceDate "2023.09.30"]
[SourceVersion "1"]
[SourceVersionDate "2023.09.30"]
[SourceQuality "1"]

1. d4 d5 2. c4 dxc4 3. Nf3 a6 4. g3 b5 5. Bg2 Bb7 6. 0-0 e6 7. a4 Nd7 8. b3 cxb3 9. Qxb3 Bd5 10. Qc2 Ngf6 11. Nc3 b4 12. Nxd5 exd5 13. Ne5 c5 14. Nxd7 Qxd7 15. dxc5 Rc8 16. Be3 d4 17. c6 Qa7 18. Qf5 Rd8 19. Bf4 Bd6 20. Bxd6 Rxd6 21. Qc8+ Rd8 22. Qb7 Qxb7 23. cxb7 Nd7 24. a5 0-0 25. Rfb1 Nb8 26. Rxb4 Rfe8 27. Rd1 Rxe2 28. Rbxd4 Rxd4 29. Rxd4 Re8 30. Rc4 Kf8 31. Rc8 Ke7 32. Be4 g6 33. Bc2 h5 34. Ba4 Rd8 35. Kg2 f6 36. h4 g5 37. Kf3 Rd3+ 38. Ke2 Rd8 39. Ke3 gxh4 40. gxh4 f5 41. f4 Rf8 42. Kd4 Rd8+ 43. Kc5 1-0

[Event "Sevastopol Waltz op"]
[Site "Sevastopol"]
[Date "2022.08.03"]
[Round "3"]
[White "Zhurov, Sergey"]
[Black "Tomilova, Elena"]
[Result "1/2-1/2"]
[WhiteElo "2254"]
[BlackElo "2211"]
[PlyCount "43"]
[EventDate "2022.08.01"]
[EventType "swiss"]
[EventRounds "9"]
[EventCountry "UKR"]
[SourceTitle "EXT 2023"]
[Source "ChessBase"]
[SourceDate "2022.10.05"]
[SourceVersion "1"]
[SourceVersionDate "2022.10.05"]
[SourceQuality "1"]

1. e4 c5 2. Nf3 e6 3. d4 cxd4 4. Nxd4 a6 5. Nc3 Qc7 6. Qf3 Nc6 7. Nxc6 bxc6 8. Qg3 Qxg3 9. hxg3 d5 10. Bd3 Nf6 11. Bd2 Rb8 12. b3 Bb4 13. f3 e5 14. g4 Bb7 15. g5 Nd7 16. Rh4 Be7 17. 0-0-0 f6 18. Rdh1 fxg5 19. Rxh7 Rxh7 20. Rxh7 Kf7 21. Rh5 Nf8 22. Nd1 1/2-1/2

[Event "Alushta op"]
[Site "Alushta"]
[Date "2022.07.11"]
[Round "6"]
[White "Lugovskoy, Maxim"]
[Black "Zhurov, Sergey"]
[Result "1-0"]
[WhiteElo "2397"]
[BlackElo "2254"]
[PlyCount "86"]
[EventDate "2022.07.06"]
[EventType "swiss"]
[EventRounds "9"]
[EventCountry "UKR"]
[SourceTitle "EXT 2023"]
[Source "ChessBase"]
[SourceDate "2022.10.05"]
[SourceVersion "1"]
[SourceVersionDate "2022.10.05"]
[SourceQuality "1"]

1. e4 e5 2. Nf3 Nc6 3. Nc3 Nf6 4. d4 exd4 5. Nxd4 Bb4 6. Nxc6 bxc6 7. Bd3 d5 8. exd5 0-0 9. 0-0 Bg4 10. Be2 Bxe2 11. Nxe2 cxd5 12. Bg5 Re8 13. Nd4 h6 14. Nc6 Qd6 15. Bxf6 Qxc6 16. Bxg7 Kxg7 17. Qg4+ Kh7 18. Qxb4 Re4 19. Qb3 Rae8 20. Rad1 R8e5 21. Rd3 Re1 22. Qc3 Qe6 23. Rd1 Rxd1 24. Rxd1 c5 25. Qd3+ Kg7 26. Kf1 Kf8 27. h3 h5 28. b3 h4 29. c3 Kg7 30. b4 cxb4 31. cxb4 f6 32. Rc1 Qd6 33. b5 Re4 34. Kg1 Qe5 35. Qd2 Re2 36. Qa5 Qd4 37. Rf1 Qc5 38. a4 Ra2 39. Qd8 Rxa4 40. Qd7+ Kh6 41. b6 Ra2 42. b7 Rb2 43. Qd8 Qb6 1-0

[Event "Alushta Rapid op"]
[Site "Alushta"]
[Date "2022.07.05"]
[Round "11"]
[White "Smirnov, Pavel"]
[Black "Zhurov, Sergey"]
[Result "1-0"]
[WhiteElo "2544"]
[BlackElo "2254"]
[PlyCount "81"]
[EventDate "2022.07.03"]
[EventType "swiss (rapid)"]
[EventRounds "11"]
[EventCountry "UKR"]
[SourceTitle "CBM 209 Extra"]
[Source "ChessBase"]
[SourceDate "2022.09.30"]
[SourceVersion "1"]
[SourceVersionDate "2022.09.30"]
[SourceQuality "1"]

1. d4 Nf6 2. c4 e6 3. Nf3 d5 4. Nc3 c5 5. e3 Be7 6. cxd5 exd5 7. dxc5 Bxc5 8. Bb5+ Nc6 9. 0-0 0-0 10. b3 Bg4 11. Bb2 Qd6 12. Be2 Rad8 13. Nb5 Qe7 14. Nbd4 Ne4 15. Rc1 Rd6 16. Nxc6 bxc6 17. Nd4 Bxe2 18. Qxe2 Rg6 19. f3 Ng5 20. Nf5 Qe6 21. Qd3 Bb6 22. Rxc6 Qd7 23. Rxg6 hxg6 24. Nd4 Re8 25. Rd1 Qe7 26. Bc1 Qf6 27. Bd2 Bxd4 28. exd4 Ne6 29. Re1 Rc8 30. Re5 Nf4 31. Qe3 g5 32. h4 Qg6 33. Rxg5 Qb1+ 34. Kh2 Ne6 35. Rxd5 Qxa2 36. Ra5 Qb2 37. Rxa7 Rc2 38. Ra8+ Kh7 39. Qe4+ g6 40. Qe5 Ng7 41. Qb8 1-0

[Event "Alushta Rapid op"]
[Site "Alushta"]
[Date "2022.07.03"]
[Round "3"]
[White "Grachev, Boris V"]
[Black "Zhurov, Sergey"]
[Result "1-0"]
[WhiteElo "2619"]
[BlackElo "2254"]
[PlyCount "93"]
[EventDate "2022.07.03"]
[EventType "swiss (rapid)"]
[EventRounds "11"]
[EventCountry "UKR"]
[SourceTitle "CBM 209 Extra"]
[Source "ChessBase"]
[SourceDate "2022.09.30"]
[SourceVersion "1"]
[SourceVersionDate "2022.09.30"]
[SourceQuality "1"]

1. Nf3 d5 2. e3 Nf6 3. c4 e6 4. Nc3 Be7 5. b3 0-0 6. Bb2 c5 7. cxd5 exd5 8. d4 Nc6 9. Be2 Bg4 10. dxc5 Bxc5 11. 0-0 a6 12. h3 Bh5 13. Nh4 d4 14. exd4 Qxd4 15. Nf5 Qxd1 16. Raxd1 Bxe2 17. Nxe2 Rfd8 18. Bxf6 gxf6 19. Neg3 Nd4 20. Ne4 Nxf5 21. Nxc5 Rxd1 22. Rxd1 b6 23. Nd7 b5 24. g4 Nh4 25. Nxf6+ Kg7 26. Rd6 a5 27. Kh2 a4 28. Kg3 axb3 29. axb3 Ng6 30. Nh5+ Kf8 31. Rd5 b4 32. Nf4 Rc8 33. Nxg6+ hxg6 34. Rd3 Rc3 35. Re3 g5 36. h4 gxh4+ 37. Kxh4 Kg7 38. Kg5 Rc5+ 39. Kf4 Kg6 40. Re4 Rb5 41. Rc4 f6 42. f3 Rb8 43. Kg3 Rb7 44. f4 Kg7 45. Kf3 Kg6 46. Ke3 Rb5 47. Ke4 1-0

[Event "Alushta Blitz op"]
[Site "Alushta"]
[Date "2022.07.02"]
[Round "11"]
[White "Triapishko, Alexandr"]
[Black "Zhurov, Sergey"]
[Result "1/2-1/2"]
[WhiteElo "2506"]
[BlackElo "2254"]
[PlyCount "64"]
[EventDate "2022.07.02"]
[EventType "swiss (blitz)"]
[EventRounds "13"]
[EventCountry "UKR"]
[SourceTitle "CBM 209 Extra"]
[Source "ChessBase"]
[SourceDate "2022.09.30"]
[SourceVersion "1"]
[SourceVersionDate "2022.09.30"]
[SourceQuality "1"]

1. Nf3 d5 2. g3 Nc6 3. d4 Bf5 4. Bg2 Nb4 5. Na3 e6 6. 0-0 Be7 7. c3 Na6 8. Qb3 Qc8 9. Re1 c6 10. Nd2 Nf6 11. e4 Bg6 12. exd5 cxd5 13. Nb5 0-0 14. Nf3 Nc7 15. a4 a6 16. Nxc7 Qxc7 17. Bf4 Bd6 18. Bxd6 Qxd6 19. Ne5 Rab8 20. Qa3 Qc7 21. a5 Rfc8 22. Qa4 Rd8 23. Ra3 Nd7 24. Nxd7 Rxd7 25. Qb4 b5 26. axb6 Rxb6 27. Qa5 Rxb2 28. Qxa6 h5 29. h4 Rc2 30. Qb5 Rd8 31. Qb4 Rb8 32. Qa4 Rxc3 1/2-1/2

[Event "Alushta Blitz op"]
[Site "Alushta"]
[Date "2022.07.02"]
[Round "7"]
[White "Zhurov, Sergey"]
[Black "Rychagov, Andrey"]
[Result "0-1"]
[WhiteElo "2254"]
[BlackElo "2547"]
[PlyCount "70"]
[EventDate "2022.07.02"]
[EventType "swiss (blitz)"]
[EventRounds "13"]
[EventCountry "UKR"]
[SourceTitle "CBM 209 Extra"]
[Source "ChessBase"]
[SourceDate "2022.09.30"]
[SourceVersion "1"]
[SourceVersionDate "2022.09.30"]
[SourceQuality "1"]

1. e4 c5 2. Nc3 Nc6 3. Bb5 Nd4 4. Bc4 g6 5. Nf3 Bg7 6. Nxd4 cxd4 7. Qf3 e6 8. Nb5 d6 9. Qa3 Ke7 10. c3 dxc3 11. dxc3 a6 12. Bb3 Qb6 13. c4 Qc5 14. Qxc5 dxc5 15. Nc3 Bxc3+ 16. bxc3 e5 17. Be3 b6 18. 0-0-0 Nf6 19. f3 Be6 20. g4 Nd7 21. h4 Nb8 22. h5 Nc6 23. hxg6 hxg6 24. Bh6 Na5 25. Bg7 Rxh1 26. Rxh1 Bxc4 27. Bxe5 Bxb3 28. axb3 Nxb3+ 29. Kc2 c4 30. g5 Ke6 31. f4 Rd8 32. Rh2 b5 33. Rf2 Nc5 34. Bf6 Rd3 35. f5+ Kd7 0-1

[Event "Sevastopol Waltz"]
[Site "Sevastopol"]
[Date "2021.08.19"]
[Round "3"]
[White "Zhurov, Sergey"]
[Black "Tomilova, Elena"]
[Result "0-1"]
[WhiteElo "2254"]
[BlackElo "2256"]
[PlyCount "104"]
[EventDate "2021.08.17"]
[EventType "swiss"]
[EventRounds "9"]
[EventCountry "UKR"]
[SourceTitle "CBM 203 Extra"]
[Source "ChessBase"]
[SourceDate "2021.09.30"]
[SourceVersion "1"]
[SourceVersionDate "2021.09.30"]
[SourceQuality "1"]

1. e4 e6 2. d4 d5 3. Nc3 Nf6 4. e5 Nfd7 5. Nce2 c5 6. c3 Nc6 7. f4 b5 8. a3 a5 9. Nf3 Rb8 10. f5 exf5 11. Nf4 Be7 12. e6 Nf6 13. Ng5 fxe6 14. Ngxe6 Bxe6 15. Nxe6 Qd7 16. Nxg7+ Kf7 17. Nh5 Qe6+ 18. Kf2 Ne4+ 19. Kg1 cxd4 20. cxd4 Rhg8 21. Nf4 Qh6 22. Nxd5 Bh4 23. g3 Bxg3 24. Bg2 Bf2+ 25. Kf1 Qh4 26. Qf3 Nxd4 27. Qf4 Qxf4 28. Bxf4 Rbd8 29. Bxe4 fxe4 30. Kxf2 Rxd5 31. Rad1 e3+ 32. Bxe3 Rf5+ 33. Ke1 Nc2+ 34. Ke2 Rg2+ 35. Kd3 Rd5+ 36. Ke4 Rxd1 37. Rxd1 Nxe3 38. Kxe3 Rxb2 39. Rd7+ Kg6 40. Rd6+ Kf5 41. Rh6 Kg5 42. Rb6 Kg4 43. Kd4 b4 44. a4 Ra2 45. Rh6 Rxa4 46. Kc4 Ra3 47. Rxh7 b3 48. Rb7 a4 49. Kc3 Ra2 50. Rg7+ Kf5 51. h4 b2 52. Rb7 a3 0-1

[Event "Sevastopol Waltz"]
[Site "Sevastopol"]
[Date "2021.08.18"]
[Round "2"]
[White "Iljiushenok, Ilia"]
[Black "Zhurov, Sergey"]
[Result "1-0"]
[WhiteElo "2554"]
[BlackElo "2254"]
[PlyCount "77"]
[EventDate "2021.08.17"]
[EventType "swiss"]
[EventRounds "9"]
[EventCountry "UKR"]
[SourceTitle "CBM 203 Extra"]
[Source "ChessBase"]
[SourceDate "2021.09.30"]
[SourceVersion "1"]
[SourceVersionDate "2021.09.30"]
[SourceQuality "1"]

1. c4 Nf6 2. Nc3 g6 3. e4 d6 4. d4 Bg7 5. Be2 0-0 6. Be3 c6 7. Nf3 Ng4 8. Bg5 h6 9. Bh4 Nf6 10. Qd2 a6 11. 0-0 g5 12. Bg3 Nh5 13. Rad1 f5 14. exf5 Bxf5 15. h4 g4 16. Nh2 Qc8 17. Qe3 b5 18. c5 d5 19. Be5 Bxe5 20. dxe5 Qe6 21. Rd4 Nd7 22. Nxg4 Kh7 23. Nh2 Ng7 24. f4 Qg6 25. h5 Nxh5 26. g4 Nxc5 27. Kf2 Be4 28. Ke1 Ng7 29. f5 Bxf5 30. gxf5 Nxf5 31. Rxf5 Rxf5 32. Rg4 d4 33. Qxd4 Ne6 34. Qe3 Ng5 35. Bd3 Raf8 36. Ne2 Kh8 37. Nd4 Qh5 38. Nxf5 Qxh2 39. Rh4 1-0

[Event "St Petersburg Korchnoi Memorial op"]
[Site "St Petersburg"]
[Date "2019.08.21"]
[Round "8"]
[White "Zhurov, Sergey"]
[Black "Grigoriev, Oleg"]
[Result "1-0"]
[WhiteElo "2312"]
[BlackElo "2001"]
[PlyCount "143"]
[EventDate "2019.08.14"]
[EventType "swiss"]
[EventRounds "9"]
[EventCountry "RUS"]
[SourceTitle "CBM 192"]
[Source "ChessBase"]
[SourceDate "2019.10.31"]
[SourceVersion "1"]
[SourceVersionDate "2019.10.31"]
[SourceQuality "1"]

1. e4 c5 2. Nf3 d6 3. d4 cxd4 4. Nxd4 Nf6 5. Nc3 a6 6. Bg5 e6 7. f4 Nbd7 8. Qf3 Qc7 9. 0-0-0 b5 10. e5 Bb7 11. Qh3 dxe5 12. Nxe6 Qb6 13. Nxf8 Kxf8 14. Bxf6 Nxf6 15. fxe5 Ne8 16. a3 h5 17. Be2 Rh6 18. Rhf1 Kg8 19. Qf5 Qe6 20. Qxe6 Rxe6 21. Bxh5 g6 22. Bf3 Bxf3 23. Rxf3 Rxe5 24. Rd7 f5 25. Nd5 Re6 26. Nf4 Nf6 27. Rd1 Re4 28. g3 Kf7 29. Rc3 Ra7 30. Rc6 g5 31. Nd5 Ng4 32. h3 Ne3 33. Nxe3 Rxe3 34. Rd3 Rae7 35. Kd2 Re2+ 36. Kc3 Rh2 37. Rd5 f4 38. gxf4 Rxh3+ 39. Kd4 gxf4 40. Rf5+ Ke8 41. Rxf4 Rh2 42. Re4 Rd2+ 43. Ke3 Re2+ 44. Kxe2 Rxe4+ 45. Kd3 Ra4 46. Re6+ Kd7 47. Re4 Ra5 48. Rh4 Kc6 49. Kc3 Kb6 50. Kb3 Kb7 51. Ka2 Ka7 52. b3 Kb7 53. Kb2 Kb6 54. Rh1 b4 55. Rh6+ Kb7 56. axb4 Rg5 57. c4 Rg2+ 58. Ka3 Rf2 59. c5 Rf5 60. Rh7+ Kb8 61. Ka4 Rf3 62. Rh6 Kb7 63. Rb6+ Ka7 64. Ka5 Rxb3 65. Rxa6+ Kb7 66. Rh6 Ra3+ 67. Kb5 Rg3 68. Rh7+ Kb8 69. Kb6 Rg6+ 70. c6 Rg8 71. b5 Rc8 72. Ra7 1-0

[Event "St Petersburg Korchnoi Memorial op"]
[Site "St Petersburg"]
[Date "2019.08.20"]
[Round "7"]
[White "Popovich, Alexey"]
[Black "Zhurov, Sergey"]
[Result "1/2-1/2"]
[WhiteElo "1994"]
[BlackElo "2312"]
[PlyCount "57"]
[EventDate "2019.08.14"]
[EventType "swiss"]
[EventRounds "9"]
[EventCountry "RUS"]
[SourceTitle "CBM 192"]
[Source "ChessBase"]
[SourceDate "2019.10.31"]
[SourceVersion "1"]
[SourceVersionDate "2019.10.31"]
[SourceQuality "1"]

1. e4 c5 2. Nf3 d6 3. Bb5+ Nd7 4. d4 cxd4 5. Qxd4 a6 6. Bxd7+ Bxd7 7. Nc3 Rc8 8. e5 Bc6 9. exd6 Bxf3 10. gxf3 Qxd6 11. Qxd6 exd6 12. Bf4 Nf6 13. 0-0-0 Kd7 14. Rd3 Be7 15. Rhd1 Rc6 16. Ne2 Rhc8 17. Nd4 Rc5 18. Kb1 Rh5 19. Ne2 Rc6 20. Nc3 b5 21. Bg3 Rhc5 22. R1d2 Rc4 23. Ne2 g6 24. Nd4 Rb6 25. Nb3 Nh5 26. Rd5 Nf4 27. R5d4 Ne6 28. Rd5 Nf4 29. R5d4 1/2-1/2

[Event "St Petersburg Korchnoi Memorial op"]
[Site "St Petersburg"]
[Date "2019.08.19"]
[Round "6"]
[White "Zhurov, Sergey"]
[Black "Tolstykh, Ivan"]
[Result "1-0"]
[WhiteElo "2312"]
[BlackElo "1437"]
[PlyCount "95"]
[EventDate "2019.08.14"]
[EventType "swiss"]
[EventRounds "9"]
[EventCountry "RUS"]
[SourceTitle "CBM 192"]
[Source "ChessBase"]
[SourceDate "2019.10.31"]
[SourceVersion "1"]
[SourceVersionDate "2019.10.31"]
[SourceQuality "1"]

1. e4 c6 2. d4 d5 3. e5 Bf5 4. h4 h5 5. Bd3 Bxd3 6. Qxd3 e6 7. Bg5 Qb6 8. Nd2 c5 9. c4 Nc6 10. Ngf3 Be7 11. dxc5 Qxb2 12. 0-0 Nxe5 13. Nxe5 Qxe5 14. Rfe1 dxc4 15. Qf3 Qxc5 16. Qxb7 Qd5 17. Rab1 Qxb7 18. Rxb7 Bxg5 19. hxg5 Ne7 20. Nxc4 Nf5 21. Rd1 0-0 22. Rdd7 a6 23. Ne5 Rab8 24. Rxf7 Rxb7 25. Rxb7 Nd4 26. g6 Ne2+ 27. Kf1 Ng3+ 28. Ke1 Ne4 29. f3 Nc3 30. a3 Rd8 31. Ra7 Kf8 32. Rf7+ Kg8 33. Re7 Nb5 34. a4 Nd4 35. Kf2 Kf8 36. Rf7+ Kg8 37. Ra7 Kf8 38. Rxa6 Ke7 39. Ra7+ Kf6 40. f4 Kf5 41. g3 Nc2 42. Rf7+ Ke4 43. Nf3 Ne3 44. Ng5+ Kd3 45. Rxg7 Ng4+ 46. Kf3 Kc4 47. Rc7+ Kb4 48. g7 1-0

[Event "Pardubice Czech op-A 28th"]
[Site "Pardubice"]
[Date "2017.07.28"]
[Round "8"]
[White "Bruedigam, Martin"]
[Black "Zhurov, Sergey"]
[Result "1/2-1/2"]
[WhiteElo "2410"]
[BlackElo "2297"]
[PlyCount "123"]
[EventDate "2017.07.21"]
[EventType "swiss"]
[EventRounds "9"]
[EventCountry "CZE"]
[SourceTitle "CBM 179 Extra"]
[Source "ChessBase"]
[SourceDate "2017.08.23"]
[SourceVersion "1"]
[SourceVersionDate "2017.08.23"]
[SourceQuality "1"]

1. e4 e5 2. Nf3 Nc6 3. Bc4 Nf6 4. d3 Bc5 5. c3 d6 6. Bb3 a6 7. Bg5 h6 8. Bh4 g5 9. Bg3 Bg4 10. h3 Bh5 11. Nbd2 Qd7 12. Qe2 Ba7 13. Bh2 0-0-0 14. 0-0-0 Rhe8 15. g4 Bg6 16. Nc4 Kb8 17. Rhe1 Qe7 18. Qf1 h5 19. Qg2 hxg4 20. hxg4 Rh8 21. Bg1 Nd7 22. Ne3 Bxe3+ 23. Rxe3 Qf6 24. Bh2 Nc5 25. Bc2 Ne6 26. Nd2 Rh4 27. Bg3 Nf4 28. Qf3 Rh3 29. Kb1 d5 30. exd5 Rxd5 31. Ne4 Qd8 32. Nxg5 Qxg5 33. Bxf4 Rxf3 34. Bxg5 Rxf2 35. Rh3 b6 36. Be3 Rg2 37. Rg1 Rxg1+ 38. Bxg1 Nd8 39. Re3 Kc8 40. Bh2 f6 41. Rf3 Rd6 42. d4 Bxc2+ 43. Kxc2 Nf7 44. Rf5 Nh6 45. dxe5 Nxf5 46. exd6 Ne3+ 47. Kd3 Nxg4 48. Bg1 Ne5+ 49. Ke4 Nc4 50. dxc7 Nxb2 51. Bxb6 Na4 52. Ba5 Nxc3+ 53. Bxc3 Kxc7 54. Bxf6 a5 55. Kd5 a4 56. Kc5 a3 57. Kb5 Kb7 58. Be5 Ka7 59. Kc6 Ka8 60. Kc7 Ka7 61. Kc8 Ka8 62. Bb8 1/2-1/2

[Event "Pardubice op rapid 28th"]
[Site "Pardubice"]
[Date "2017.07.20"]
[Round "7"]
[White "Dolezal, Radoslav"]
[Black "Zhurov, Sergey"]
[Result "1-0"]
[WhiteElo "2380"]
[BlackElo "2297"]
[PlyCount "94"]
[EventDate "2017.07.19"]
[EventType "swiss (rapid)"]
[EventRounds "9"]
[EventCountry "CZE"]
[SourceTitle "CBM 179 Extra"]
[Source "ChessBase"]
[SourceDate "2017.08.23"]
[SourceVersion "1"]
[SourceVersionDate "2017.08.23"]
[SourceQuality "1"]

1. e4 e5 2. Nf3 Nc6 3. Bb5 f5 4. d3 fxe4 5. dxe4 Nf6 6. 0-0 Bc5 7. Bxc6 bxc6 8. Nxe5 0-0 9. Nd3 Nxe4 10. Nxc5 Nxc5 11. Be3 Ne4 12. Nd2 Nxd2 13. Qxd2 d6 14. Bg5 Qe8 15. Rfe1 Qg6 16. Re7 Rf5 17. Bh4 Rd5 18. Qe2 Bf5 19. Qc4 Re8 20. Qxc6 Rxe7 21. Qxd5+ Re6 22. Re1 Be4 23. Qg5 Qxg5 24. Bxg5 Kf7 25. Be3 a6 26. c4 Rg6 27. g3 Bf3 28. Kf1 Re6 29. Rc1 Re4 30. Ke1 Kf6 31. Kd2 g5 32. h3 Bg2 33. Kd3 Kf5 34. g4+ Kg6 35. Rg1 Bf3 36. Rg3 Bh1 37. b3 Re8 38. Kd2 Be4 39. h4 gxh4 40. Rh3 h5 41. Rxh4 hxg4 42. Rxg4+ Kf6 43. Bd4+ Kf5 44. Rg7 c5 45. Be3 Re6 46. Kc3 Rf6 47. Ra7 d5 1-0

[Event "Pardubice op rapid 28th"]
[Site "Pardubice"]
[Date "2017.07.20"]
[Round "9"]
[White "Zhurov, Sergey"]
[Black "Yagupov, Igor"]
[Result "0-1"]
[WhiteElo "2297"]
[BlackElo "2372"]
[PlyCount "42"]
[EventDate "2017.07.19"]
[EventType "swiss (rapid)"]
[EventRounds "9"]
[EventCountry "CZE"]
[SourceTitle "CBM 179 Extra"]
[Source "ChessBase"]
[SourceDate "2017.08.23"]
[SourceVersion "1"]
[SourceVersionDate "2017.08.23"]
[SourceQuality "1"]

1. e4 c5 2. Nc3 Nc6 3. Bb5 Nd4 4. Bc4 e6 5. Nge2 Nf6 6. 0-0 Qc7 7. d3 a6 8. Nxd4 cxd4 9. Ne2 Nxe4 10. Nxd4 Nf6 11. Re1 b5 12. Bb3 Be7 13. a4 b4 14. Qf3 Bb7 15. Bf4 Qb6 16. a5 Qa7 17. Qe3 Ng4 18. Qg3 Qxd4 19. Qxg4 g5 20. Re4 Bxe4 21. Bc1 Bc5 0-1